| 000 | 00646nam a22002057a 4500 | ||
|---|---|---|---|
| 003 | 0 | ||
| 005 | 20240117104413.0 | ||
| 008 | 240117b xxu||||| |||| 00| 0 eng d | ||
| 022 | _2978-1-119-86718-0 | ||
| 050 |
_aQA 76.9 _b.St74 2022 |
||
| 100 | _aSteinberg, Joseph | ||
| 245 |
_aCybersecurity for dummies _cJoseph Steinberg |
||
| 250 | _a2nd edition | ||
| 260 |
_aHoboken, New Jersey _bJohn Wiley & Sons, Inc. _cc2022. |
||
| 300 |
_axix, 386 pages ; _c24 cm. |
||
| 504 | _aIncludes bibliographical references, index, and glossary. | ||
| 650 | _aComputer security. | ||
| 650 | _aComputer networks--security measures. | ||
| 942 |
_2lcc _cBK |
||
| 999 |
_c365867 _d365867 |
||